000 00323nam a22001337a 4500
008 251118b |||||||| |||| 00| 0 eng d
020 _a058230298
050 _aTA545
_b.B25
100 _aBannister, Arthur
245 _aSurveying
260 _aEngland.
_bpearson Education Limited.
_c1998.
300 _ax.502p.
942 _cBK
999 _c4500
_d4500